Platero y yo : (Record no. 174691)

MARC details
000 -LEADER
campo de control de longitud fija 00794nam a22002415i 4500
001 - NÚMERO DE CONTROL
campo de control 174691
003 - IDENTIFICADOR DE NÚMERO DE CONTROL
campo de control ES-MaACL
005 - FECHA Y HORA DE LA ÚLTIMA TRANSACCIÓN
campo de control 20240611125737.0
008 - DATOS DE LONGITUD FIJA--INFORMACIÓN GENERAL
campo de control de longitud fija 100519s2004 sp |||| | spa d
020 ## - NÚMERO INTERNACIONAL ESTÁNDAR DEL LIBRO
Número Internacional Estándar del Libro 84-7522-898-4
080 ## - NÚMERO DE LA CLASIFICACIÓN DECIMAL UNIVERSAL
Número de la Clasificación Decimal Universal 821.134.2-14"19"
100 1# - ENTRADA PRINCIPAL--NOMBRE DE PERSONA
Nombre de persona Jiménez, Juan Ramón,
Fechas asociadas al nombre 1881-1958
9 (RLIN) 66417
245 10 - MENCIÓN DEL TÍTULO
Título Platero y yo :
Resto del título (selección) /
Mención de responsabilidad, etc. Juan Ramón Jiménez ; [textos leídos por María Teresa León].
260 ## - PUBLICACIÓN, DISTRIBUCIÓN, ETC.
Lugar de publicación, distribución, etc. Madrid :
Nombre del editor, distribuidor, etc. Visor Libros,
Fecha de publicación, distribución, etc. [2004]
300 ## - DESCRIPCIÓN FÍSICA
Extensión 74 p. :
Otras características físicas il. ;
Dimensiones 13 x 15 cm +
Material acompañante/anejo 1 CD audio.
490 1# - MENCIÓN DE SERIE
Mención de serie De viva voz ;
Designación de volumen o secuencia 4
597 ## - NOTA DE DESCRIPCIÓN FÍSICA
NOTA DE DESCRIPCIÓN FÍSICA Formato disco-libro
655 #4 - TERMINO DE INDIZACIÓN--GENERO/FORMA
Datos o término principal de género/forma Audiolibros.
9 (RLIN) 174154
700 1# - ENTRADA AGREGADA--NOMBRE PERSONAL
Nombre de persona León, María Teresa,
Fechas asociadas al nombre 1903-1988
9 (RLIN) 71586
830 1# - PUNTO DE ACCESO ADICIONAL DE SERIE-TÍTULO UNIFORME
Título uniforme De viva voz ;
Designación de volumen o secuencia 4
9 (RLIN) 189439
852 4# - LOCALIZACIÓN
Ubicación ES-MaACL
Número de control de estantería 2301-F-4
Holdings
Estatus retirado Estado de pérdida Estado de daño No para préstamo Colección Biblioteca de origen Biblioteca actual Ubicación en estantería Fecha de adquisición Fuente de adquisición Total de préstamos Signatura topográfica completa Código de barras Visto por última vez Precio de reemplazo Tipo de ítem Koha
        Colección de folletos Biblioteca del Ateneo de Madrid Biblioteca del Ateneo de Madrid Depósito folletos 19/05/2010     2301-F-4 1183397 23/02/2023 23/02/2023 Folleto